The insolvency scandal (Record no. 73787)
[ view plain ]
| 000 -LEADER | |
|---|---|
| fixed length control field | 01380cam a2200241 4500 |
| 001 - CONTROL NUMBER | |
| control field | ABS67242 |
| 008 - FIXED-LENGTH DATA ELEMENTS--GENERAL INFORMATION | |
| fixed length control field | 031113n2003 000 0 eng u |
| 035 ## - SYSTEM CONTROL NUMBER | |
| System control number | (Sirsi) u124313 |
| 100 ## - MAIN ENTRY--PERSONAL NAME | |
| Personal name | Klein, R. |
| 245 #4 - TITLE STATEMENT | |
| Title | The insolvency scandal |
| 260 ## - PUBLICATION, DISTRIBUTION, ETC. | |
| Date of publication, distribution, etc. | 2003 |
| 490 ## - SERIES STATEMENT | |
| Series statement | Construction News |
| Volume/sequential designation | (6840) 30 October 2003, 57(1) |
| 520 ## - SUMMARY, ETC. | |
| Summary, etc. | Looks at how subcontractors can be affected when firms further along the process become insolvent. Reviews how the Enterprise Act 2002 has sought to encourage administration as a solution, but points out that delays mean that smaller firms still cannot protect themselves against ruin. Suggests the idea of establishing trust funds, as outlined in the Latham report "Constructing the team" (ISBN 011752994X), should be re-examined. Proposes the pay-if-paid exemption in the Housing Grants, Construction and Regeneration Act 1996 s113 should be removed, as it allows further payment delays. Concludes the foreign model of jurisdictions which have legislation specific to construction may provide better protection from insolvencies. |
| 590 ## - LOCAL NOTE (RLIN) | |
| Local note | ABS |
| 650 ## - SUBJECT ADDED ENTRY--TOPICAL TERM | |
| Topical term or geographic name entry element | HOUSING GRANTS, CONSTRUCTION AND REGENERATION ACT 1996 S113 |
| 650 ## - SUBJECT ADDED ENTRY--TOPICAL TERM | |
| Topical term or geographic name entry element | ENTERPRISE ACT 2002 |
| 650 ## - SUBJECT ADDED ENTRY--TOPICAL TERM | |
| Topical term or geographic name entry element | LATHAM REFORMS |
| 650 ## - SUBJECT ADDED ENTRY--TOPICAL TERM | |
| Topical term or geographic name entry element | PAY-IF-PAID EXEMPTION |
| 650 ## - SUBJECT ADDED ENTRY--TOPICAL TERM | |
| Topical term or geographic name entry element | INSOLVENCIES |
| 650 ## - SUBJECT ADDED ENTRY--TOPICAL TERM | |
| Topical term or geographic name entry element | SUBCONTRACTORS |
| 690 ## - LOCAL SUBJECT ADDED ENTRY--TOPICAL TERM (OCLC, RLIN) | |
| Topical term or geographic name as entry element | Dispute resolution |
| 9 (RLIN) | 6236 |
| 942 ## - ADDED ENTRY ELEMENTS (KOHA) | |
| Suppress in OPAC | 0 |
| Withdrawn status | Lost status | Source of classification or shelving scheme | Damaged status | Not for loan | Home library | Current library | Shelving location | Date acquired | Total Checkouts | Full call number | Barcode | Date last seen | Copy number | Price effective from | Koha item type |
|---|---|---|---|---|---|---|---|---|---|---|---|---|---|---|---|
| Dewey Decimal Classification | London | London | Journal article | 13/11/2003 | ABS67242 | 124313-1001 | 06/08/2019 | 1 | 06/08/2019 | Journal article |